El Profeta
Guardado en:
| Autor principal: | |
|---|---|
| Formato: | Libro |
| Lenguaje: | español |
| Publicado: |
Madrid
Edaf
1999
|
| Colección: | Biblioteca Edaf, 155
|
| Materias: | |
| Etiquetas: |
Agregar Etiqueta
Sin Etiquetas, Sea el primero en etiquetar este registro!
|
MARC
| LEADER | 00000nam a2200000 a 4500 | ||
|---|---|---|---|
| 001 | UCH6496 | ||
| 003 | CL-VaPUC | ||
| 008 | 091109e19990000SP |||||||||||||||||spa|d | ||
| 020 | |a 8471669226 | ||
| 082 | 0 | 4 | |a 892.7 |b GIB |2 21 |
| 100 | |a Gibrán, Gibrán Jalil |e author |9 543043 | ||
| 245 | 1 | 3 | |a El Profeta |
| 300 | |a 90 p | ||
| 942 | |c BK | ||
| 945 | |d 20091109 00:00:00 |a ccalabra | ||
| 260 | |a Madrid |b Edaf |c 1999 | ||
| 650 | 0 | |a Literatura |9 259151 | |
| 650 | 7 | |a LITERATURA ARABE |2 CL-VaPUC |9 323185 | |
| 650 | 7 | |a NOVELAS ARABES |2 CL-VaPUC |9 315764 | |
| 650 | 7 | |a CUENTOS ARABES |2 CL-VaPUC |9 326580 | |
| 650 | 0 | |a Escritores |9 313723 | |
| 650 | 0 | |a Narrativa |9 336727 | |
| 650 | 0 | |a Lectura |9 307634 | |
| 650 | 0 | |a Ficción |9 376687 | |
| 651 | 7 | |a LIBANO |2 CL-VaPUC |9 318042 | |
| 583 | |a last modification |c 20091109 00:00:00 |k Rodrigo Vera | ||
| 490 | 0 | |a Biblioteca Edaf, 155 | |
| 999 | |c 337374 |d 337372 | ||